Statystyki dla Najwięcej obserwujących na Instagramie według kraju.

Kliknij tutaj aby rozwiązać quiz!

Ogólne statystyki

  • Ten quiz został rozwiązany 760 razy
  • Średni wynik to 8 z 19

Statystyki odpowiedzi

Kraj PochodzeniaProfesjaOdpowiedź% Poprawnych
PortugaliaPiłkarzCristiano Ronaldo
96%
ArgentynaPiłkarzLionel Messi
94%
BrazyliaPiłkarzNeymar Jr
81%
HiszpaniaKlub PiłkarskiReal Madryt
73%
Polskabez podpowiedziRobert Lewandowski
57%
UrugwajPiłkarzLuis Suarez
55%
NiemcyOdzież sportowaAdidas Originals
53%
SzwecjaPiłkarzZlatan Ibrahimovic
52%
Stany ZjednoczonePlatforma InternetowaInstagram
48%
KolumbiaPiosenkarkaShakira
40%
KanadaPiosenkarzJustin Bieber
35%
BarbadosPiosenkarkaRihanna
31%
WłochyModaGucci
29%
Wielka BrytaniaPiłkarzDavid Beckham
20%
KubaPiosenkarkaCamila Cabello
14%
FrancjaPiłkarzPaul Pogba
14%
Trynidad i TobagoPiosenkarkaNicki Minaj
9%
AustraliaAktorChris Hemsworth
3%
ChinyPlatforma Internetowa9GAG
0%

Rozkład punktacji

Percentyl według liczby udzielonych odpowiedzi

Procent ludzi z każdym wynikiem

Twoja historia wyników

Nie rozwiązałeś tego quizu